[Event "Bundesliga 1617"]
[Site "Germany"]
[Date "2016.11.20"]
[Round "4.4"]
[White "Jarmula, Lukasz"]
[Black "Graf, Felix"]
[Result "1-0"]
[WhiteElo "2466"]
[BlackElo "2474"]
[PlyCount "49"]
[EventDate "2016.10.15"]
[EventType "team-tourn"]
[EventRounds "15"]
[EventCountry "GER"]
[SourceTitle "CBM 176"]
[Source "ChessBase"]
[SourceDate "2017.01.17"]
[SourceVersion "1"]
[SourceVersionDate "2017.01.17"]
[SourceQuality "1"]
[WhiteTeam "Griesheim"]
[BlackTeam "Trier"]
[WhiteTeamCountry "GER"]
[BlackTeamCountry "GER"]

1. e4 e6 2. d4 d5 3. Nd2 Nf6 4. e5 Nfd7 5. Bd3 c5 6. c3 b5 7. Bxb5 Qb6 8. Qa4 cxd4 9. cxd4 a6 10. Bd3 Nc6 11. Ne2 Nb4 12. Bb1 a5 13. a3 Nc6 14. Bd3 Ba6 15. Bxa6 Qxa6 16. 0-0 Ncxe5 17. dxe5 Qxe2 18. Nf3 Bc5 19. b4 Ba7 20. Bd2 Ke7 21. Qc6 Nxe5 22. Bg5+ f6 23. Nxe5 Qxe5 24. Qb7+ Kd6 25. Rac1 1-0

[Event "Bundesliga 1617"]
[Site "Germany"]
[Date "2016.10.16"]
[Round "2.6"]
[White "Graf, Felix"]
[Black "Vogel, Roven"]
[Result "1/2-1/2"]
[WhiteElo "2474"]
[BlackElo "2415"]
[PlyCount "69"]
[EventDate "2016.10.15"]
[EventType "team-tourn"]
[EventRounds "15"]
[EventCountry "GER"]
[SourceTitle "EXT 2017"]
[Source "ChessBase"]
[SourceDate "2016.10.25"]
[SourceVersion "1"]
[SourceVersionDate "2016.10.25"]
[SourceQuality "1"]
[WhiteTeam "Trier"]
[BlackTeam "Dresden"]
[WhiteTeamCountry "GER"]
[BlackTeamCountry "GER"]

1. d4 d5 2. Nf3 Nf6 3. Bf4 c5 4. e3 Nc6 5. dxc5 e6 6. a3 Bxc5 7. c4 0-0 8. Nc3 h6 9. b4 Be7 10. h3 Ne4 11. Nxe4 dxe4 12. Qxd8 Rxd8 13. Nd2 f5 14. Be2 Bf6 15. 0-0-0 e5 16. Bh2 Be6 17. g4 g6 18. gxf5 gxf5 19. c5 Rd3 20. Bxd3 exd3 21. f3 a5 22. b5 Na7 23. b6 Nb5 24. Nb1 Rc8 25. Rxd3 Rxc5+ 26. Kd1 e4 27. fxe4 fxe4 28. Rd2 Bb3+ 29. Ke2 Bc4+ 30. Kd1 Bb3+ 31. Ke2 Bc4+ 32. Kd1 Bd3 33. Rxd3 exd3 34. Kd2 a4 35. Kxd3 1/2-1/2

[Event "Bundesliga 1516"]
[Site "Germany"]
[Date "2016.04.10"]
[Round "13.8"]
[White "Graf, Felix"]
[Black "Bartel, Mateusz"]
[Result "1/2-1/2"]
[WhiteElo "2479"]
[BlackElo "2623"]
[PlyCount "85"]
[EventDate "2015.09.18"]
[EventType "team-tourn"]
[EventRounds "15"]
[EventCountry "GER"]
[SourceTitle "CBM 172"]
[Source "ChessBase"]
[SourceDate "2016.05.12"]
[SourceVersion "1"]
[SourceVersionDate "2016.05.12"]
[SourceQuality "1"]
[WhiteTeam "Trier"]
[BlackTeam "Dresden TU"]
[WhiteTeamCountry "GER"]
[BlackTeamCountry "GER"]

1. d4 e6 2. c4 Bb4+ 3. Nd2 Nf6 4. a3 Be7 5. e4 0-0 6. e5 Ne8 7. Bd3 d6 8. Ndf3 c5 9. Nh3 f5 10. exd6 Nxd6 11. dxc5 Nf7 12. Bc2 Qxd1+ 13. Bxd1 a5 14. Nhg5 Nxg5 15. Bxg5 Bxg5 16. Nxg5 Nd7 17. f4 Nxc5 18. Bc2 b6 19. 0-0-0 a4 20. Rd6 Ba6 21. Nxe6 Rf6 22. Nc7 Rxd6 23. Nxa8 Rc6 24. Rd1 Bxc4 25. Rd8+ Kf7 26. Kd2 Nb3+ 27. Bxb3 Bxb3 28. Ke3 b5 29. Rd7+ Ke6 30. Rxg7 Kd6 31. Rxh7 Rc2 32. Rh6+ Kc5 33. Nc7 Bd5 34. Nxd5 Kxd5 35. g4 Rxb2 36. g5 Rb3+ 37. Kf2 Rxa3 38. Rb6 Ke4 39. Rxb5 Kxf4 40. g6 Ra2+ 41. Kf1 Rc2 42. g7 Rc8 43. Ra5 1/2-1/2

[Event "Bundesliga 1516"]
[Site "Germany"]
[Date "2015.09.19"]
[Round "1.3"]
[White "Graf, Felix"]
[Black "Mihok, Oliver"]
[Result "0-1"]
[WhiteElo "2479"]
[BlackElo "2515"]
[PlyCount "82"]
[EventDate "2015.09.18"]
[EventType "team-tourn"]
[EventRounds "15"]
[EventCountry "GER"]
[SourceTitle "EXT 2016"]
[Source "ChessBase"]
[SourceDate "2015.10.08"]
[SourceVersion "1"]
[SourceVersionDate "2015.10.08"]
[SourceQuality "1"]
[WhiteTeam "Trier"]
[BlackTeam "Erfurt"]
[WhiteTeamCountry "GER"]
[BlackTeamCountry "GER"]

1. d4 d5 2. c4 c6 3. Nc3 Nf6 4. cxd5 cxd5 5. Bf4 Nc6 6. e3 Bf5 7. Qb3 Na5 8. Qa4+ Bd7 9. Qc2 Rc8 10. Bd3 e6 11. Nf3 b5 12. a3 Be7 13. Ne5 Nc4 14. 0-0 Nh5 15. Nxd7 Qxd7 16. Be5 f6 17. Bf4 Nxf4 18. exf4 f5 19. Qe2 Rb8 20. Rfe1 Kf7 21. a4 b4 22. Bxc4 dxc4 23. d5 Rb6 24. Qd1 Rd8 25. Nb5 exd5 26. Nd4 Bf6 27. a5 Ra6 28. Qd2 b3 29. h3 g6 30. Re2 Re8 31. Rae1 Re4 32. Nf3 Rae6 33. Rxe4 fxe4 34. Nd4 Rd6 35. Rd1 a6 36. Kh2 Qa7 37. Qe3 Rd7 38. g3 Qc5 39. f5 gxf5 40. Qf4 Bxd4 41. Qxf5+ Ke7 0-1

[Event "Fagernes Norsk op-A"]
[Site "Fagernes"]
[Date "2015.04.04"]
[Round "8"]
[White "Graf, Felix"]
[Black "Mikalsen, Erlend"]
[Result "1-0"]
[WhiteElo "2478"]
[BlackElo "2161"]
[PlyCount "61"]
[EventDate "2015.03.29"]
[EventType "swiss"]
[EventRounds "9"]
[EventCountry "NOR"]
[SourceTitle "CBM 165 Extra"]
[Source "ChessBase"]
[SourceDate "2015.04.21"]
[SourceVersion "1"]
[SourceVersionDate "2015.04.21"]
[SourceQuality "1"]

1. d4 Nf6 2. c4 e6 3. Nf3 b6 4. a3 Ba6 5. Qc2 d5 6. cxd5 exd5 7. g3 Bd6 8. Bg2 0-0 9. 0-0 Re8 10. Nc3 Nbd7 11. Rd1 c6 12. Bg5 h6 13. Bf4 Qc7 14. e3 Rac8 15. Rac1 Qb8 16. Bh3 Rcd8 17. Qa4 Bxf4 18. gxf4 Bb7 19. Ne5 Nxe5 20. fxe5 Nh7 21. Ne2 Bc8 22. Bg2 Bd7 23. f4 Nf8 24. Ng3 Ng6 25. f5 Nxe5 26. dxe5 Qxe5 27. Rc3 a5 28. Qd4 Qb8 29. Nh5 Re5 30. Qg4 g5 31. Nf6+ 1-0

[Event "Fagernes Norsk op-A"]
[Site "Fagernes"]
[Date "2015.03.30"]
[Round "2"]
[White "Graf, Felix"]
[Black "Holleland, Sigve"]
[Result "1-0"]
[WhiteElo "2478"]
[BlackElo "1963"]
[PlyCount "55"]
[EventDate "2015.03.29"]
[EventType "swiss"]
[EventRounds "9"]
[EventCountry "NOR"]
[SourceTitle "CBM 165 Extra"]
[Source "ChessBase"]
[SourceDate "2015.04.21"]
[SourceVersion "1"]
[SourceVersionDate "2015.04.21"]
[SourceQuality "1"]

1. Nf3 Nf6 2. b3 d5 3. Bb2 c5 4. e3 Bg4 5. h3 Bh5 6. g4 Bg6 7. Ne5 e6 8. Bb5+ Nfd7 9. h4 f6 10. Nxg6 hxg6 11. f4 Bd6 12. Qf3 Nc6 13. Nc3 Nb4 14. 0-0-0 a6 15. Be2 Qa5 16. a3 Nc6 17. f5 gxf5 18. gxf5 e5 19. Qxd5 Be7 20. Bf3 Nb6 21. Qe4 0-0-0 22. Rhg1 Rhg8 23. Rg2 Na8 24. Nd5 Rd7 25. c4 Nc7 26. Qc2 Bd8 27. Kb1 Ne7 28. b4 1-0

[Event "AUT-chT2W 1415"]
[Site "Austria"]
[Date "2015.03.08"]
[Round "11.5"]
[White "Durakovic, Alman"]
[Black "Graf, Felix"]
[Result "1/2-1/2"]
[WhiteElo "2331"]
[BlackElo "2488"]
[PlyCount "59"]
[EventDate "2014.10.10"]
[EventType "team-tourn"]
[EventRounds "11"]
[EventCountry "AUT"]
[SourceTitle "EXT 2016"]
[Source "ChessBase"]
[SourceDate "2015.10.08"]
[SourceVersion "1"]
[SourceVersionDate "2015.10.08"]
[SourceQuality "1"]
[WhiteTeam "Bernhard II"]
[BlackTeam "Bregenz"]
[WhiteTeamCountry "AUT"]
[BlackTeamCountry "AUT"]

1. d4 e6 2. c4 b6 3. Nc3 Bb7 4. e4 Bb4 5. Bd3 f5 6. d5 fxe4 7. Bxe4 Nf6 8. Bf3 e5 9. Bd2 0-0 10. Nge2 a5 11. 0-0 Na6 12. Ng3 Nc5 13. Qc2 d6 14. Bg5 Bxc3 15. Qxc3 Qe8 16. Qc2 Bc8 17. b3 h6 18. Bd2 Kh8 19. a3 a4 20. b4 Nb3 21. Rae1 Nd4 22. Qd3 Nxf3+ 23. Qxf3 Qg6 24. Qc3 Bd7 25. f4 exf4 26. Rxf4 Rae8 27. Ref1 Kg8 28. h3 Re5 29. Kh2 Rfe8 30. R1f3 1/2-1/2

[Event "AUT-chT2W 1415"]
[Site "Austria"]
[Date "2015.03.06"]
[Round "9.5"]
[White "Zelcic, Robert"]
[Black "Graf, Felix"]
[Result "1/2-1/2"]
[WhiteElo "2548"]
[BlackElo "2488"]
[PlyCount "98"]
[EventDate "2014.10.10"]
[EventType "team-tourn"]
[EventRounds "11"]
[EventCountry "AUT"]
[SourceTitle "EXT 2016"]
[Source "ChessBase"]
[SourceDate "2015.10.08"]
[SourceVersion "1"]
[SourceVersionDate "2015.10.08"]
[SourceQuality "1"]
[WhiteTeam "Schwarzach"]
[BlackTeam "Bregenz"]
[WhiteTeamCountry "AUT"]
[BlackTeamCountry "AUT"]

1. e4 e6 2. d4 d5 3. Nc3 Nf6 4. Bg5 Bb4 5. e5 h6 6. Bc1 Ne4 7. Qg4 Kf8 8. Nge2 Nc6 9. Qf3 Bd7 10. a3 Ba5 11. Qd3 Kg8 12. Be3 f6 13. exf6 Qxf6 14. 0-0-0 Nxf2 15. Bxf2 Qxf2 16. g3 e5 17. dxe5 Bf5 18. Qd2 Rd8 19. Qf4 Bb6 20. Qxf2 Bxf2 21. Bg2 d4 22. Nd5 Bg4 23. Rdf1 Be3+ 24. Nxe3 dxe3 25. Bxc6 bxc6 26. Nc3 Re8 27. Rf4 Bh5 28. g4 Bg6 29. Re1 Rxe5 30. Nd1 e2 31. Nc3 h5 32. Rxe2 Rxe2 33. Nxe2 hxg4 34. Rf2 Be4 35. Ng3 Bf3 36. Kd2 Kf7 37. Ke3 Re8+ 38. Kf4 Kf6 39. Nf1 g5+ 40. Kg3 Rh8 41. Rd2 Rh3+ 42. Kf2 Bd5 43. Ke1 Rh8 44. Rd4 Rh4 45. Rb4 Bg2 46. Ne3 Bf3 47. Nf1 Bg2 48. Ne3 Bf3 49. Nf1 Bg2 1/2-1/2

[Event "Bundesliga 1415"]
[Site "Germany"]
[Date "2015.02.01"]
[Round "9.2"]
[White "Graf, Felix"]
[Black "Gharamian, Tigran"]
[Result "1/2-1/2"]
[WhiteElo "2488"]
[BlackElo "2657"]
[PlyCount "69"]
[EventDate "2014.10.18"]
[EventType "team-tourn"]
[EventRounds "15"]
[EventCountry "GER"]
[SourceTitle "CBM 165"]
[Source "ChessBase"]
[SourceDate "2015.03.11"]
[SourceVersion "1"]
[SourceVersionDate "2015.03.11"]
[SourceQuality "1"]
[WhiteTeam "Trier"]
[BlackTeam "Schwaebisch Hall"]
[WhiteTeamCountry "GER"]
[BlackTeamCountry "GER"]

1. d4 Nf6 2. Nf3 g6 3. c4 Bg7 4. Nc3 d5 5. cxd5 Nxd5 6. e4 Nxc3 7. bxc3 c5 8. Be3 0-0 9. Be2 b6 10. h4 Bb7 11. e5 Nc6 12. Qd2 cxd4 13. cxd4 Qd5 14. h5 Rac8 15. Rd1 Rfd8 16. Rh4 Qa5 17. Qxa5 Nxa5 18. e6 Bd5 19. exf7+ Bxf7 20. Ne5 Bxe5 21. dxe5 Rxd1+ 22. Kxd1 Bxa2 23. hxg6 hxg6 24. Bd3 Bb3+ 25. Ke1 Bc2 26. Ba6 Rd8 27. Bg5 Rd1+ 28. Ke2 Rd5 29. f4 Nb3 30. Kf2 e6 31. Bf6 Nc5 32. Rh8+ Kf7 33. Rh7+ Kg8 34. Rh8+ Kf7 35. Rh7+ 1/2-1/2

[Event "Bundesliga 1415"]
[Site "Germany"]
[Date "2015.01.31"]
[Round "8.1"]
[White "Fedorovsky, Michael"]
[Black "Graf, Felix"]
[Result "0-1"]
[WhiteElo "2436"]
[BlackElo "2488"]
[PlyCount "118"]
[EventDate "2014.10.18"]
[EventType "team-tourn"]
[EventRounds "15"]
[EventCountry "GER"]
[SourceTitle "CBM 165"]
[Source "ChessBase"]
[SourceDate "2015.03.11"]
[SourceVersion "1"]
[SourceVersionDate "2015.03.11"]
[SourceQuality "1"]
[WhiteTeam "Bayern Muenchen"]
[BlackTeam "Trier"]
[WhiteTeamCountry "GER"]
[BlackTeamCountry "GER"]

1. d4 e6 2. c4 Nf6 3. Nc3 Bb4 4. Qc2 b6 5. e4 c5 6. d5 Qe7 7. Be2 d6 8. Nf3 0-0 9. 0-0 Bxc3 10. bxc3 exd5 11. exd5 Bg4 12. h3 Re8 13. hxg4 Qxe2 14. Qxe2 Rxe2 15. Bf4 Nbd7 16. Rfe1 Rae8 17. g5 Rxe1+ 18. Nxe1 Ne4 19. f3 Nxc3 20. Bxd6 b5 21. cxb5 Nxb5 22. Bg3 Nc3 23. d6 Ne2+ 24. Kf2 Nxg3 25. Kxg3 Re5 26. f4 Rd5 27. Rb1 Rxd6 28. Rb7 a6 29. Rc7 Kf8 30. Nf3 Ke8 31. Rc8+ Ke7 32. f5 f6 33. Kf4 fxg5+ 34. Nxg5 Rd4+ 35. Kf3 Kf6 36. Ne4+ Kxf5 37. g4+ Ke6 38. Nxc5+ Nxc5 39. Rxc5 Ra4 40. Rc7 Kf6 41. Rc2 g6 42. Kg3 Ke5 43. g5 Ke4 44. Rf2 Rd4 45. Rf6 a5 46. Ra6 Ra4 47. Ra7 Kf5 48. Rxh7 Kxg5 49. Rc7 Ra3+ 50. Kg2 Rxa2+ 51. Kg1 Kh4 52. Rc4+ Kh5 53. Rc5+ g5 54. Rc4 a4 55. Rb4 a3 56. Rb3 Kh4 57. Rc3 g4 58. Kh1 g3 59. Rc8 Rb2 0-1

[Event "Basel op"]
[Site "Basel"]
[Date "2015.01.05"]
[Round "7"]
[White "Hendriks, Willy"]
[Black "Graf, Felix"]
[Result "0-1"]
[WhiteElo "2393"]
[BlackElo "2469"]
[PlyCount "48"]
[EventDate "2015.01.01"]
[EventType "swiss"]
[EventRounds "7"]
[EventCountry "SUI"]
[SourceTitle "CBM 164 Extra"]
[Source "ChessBase"]
[SourceDate "2015.03.02"]
[SourceVersion "1"]
[SourceVersionDate "2015.03.02"]
[SourceQuality "1"]

1. e4 e6 2. d4 d5 3. Nc3 Bb4 4. e5 Ne7 5. a3 Bxc3+ 6. bxc3 b6 7. Bb5+ c6 8. Bd3 Ba6 9. a4 Bxd3 10. cxd3 c5 11. dxc5 bxc5 12. a5 0-0 13. Nf3 Qc7 14. Qa4 Nbc6 15. d4 Rfb8 16. 0-0 c4 17. Ba3 Rb3 18. Rfc1 a6 19. Bc5 Nc8 20. Qa2 Rb5 21. Rcb1 Rab8 22. Rxb5 Rxb5 23. Qd2 Nxa5 24. Qf4 Nb3 0-1

[Event "Basel op"]
[Site "Basel"]
[Date "2015.01.02"]
[Round "2"]
[White "Graf, Felix"]
[Black "Rapport, Jovana"]
[Result "1-0"]
[WhiteElo "2469"]
[BlackElo "2301"]
[PlyCount "121"]
[EventDate "2015.01.01"]
[EventType "swiss"]
[EventRounds "7"]
[EventCountry "SUI"]
[SourceTitle "CBM 164 Extra"]
[Source "ChessBase"]
[SourceDate "2015.03.02"]
[SourceVersion "1"]
[SourceVersionDate "2015.03.02"]
[SourceQuality "1"]

1. d4 d5 2. c4 c6 3. Nc3 Nf6 4. e3 g6 5. Bd3 Bg7 6. Nf3 0-0 7. 0-0 dxc4 8. Bxc4 Bg4 9. h3 Bxf3 10. Qxf3 Nbd7 11. Rd1 e5 12. a4 Re8 13. a5 e4 14. Qe2 Qe7 15. Bb3 Rac8 16. Bd2 a6 17. Rac1 Qd6 18. Qc4 Qe7 19. Ba2 Nf8 20. Qb3 Ne6 21. Na4 Nd5 22. Nb6 Rcd8 23. Nxd5 cxd5 24. Qb4 Bf8 25. Qxe7 Rxe7 26. f3 exf3 27. gxf3 Rc7 28. Kf2 Rxc1 29. Rxc1 Be7 30. Bb3 h5 31. Ba4 Bd6 32. b4 Nc7 33. e4 f6 34. Rg1 Kh7 35. Bc2 Rg8 36. f4 Rg7 37. e5 Be7 38. f5 Rg8 39. Rxg6 Rxg6 40. fxg6+ Kg7 41. Bf5 Nb5 42. Bc8 fxe5 43. dxe5 d4 44. Ke2 Nc3+ 45. Kd3 Bxb4 46. Kxd4 Nb5+ 47. Kd3 Bxd2 48. Kxd2 Kxg6 49. Ke3 h4 50. Kf4 Nd4 51. Bxb7 Ne6+ 52. Kg4 Nc5 53. Bd5 Nd7 54. Kf4 Nc5 55. Bc4 Kg7 56. Kf5 Kf8 57. Kf6 Ne4+ 58. Ke6 Nc5+ 59. Kd6 Ne4+ 60. Kd7 Nf6+ 61. Kd8 1-0

[Event "Boeblinger op 31st"]
[Site "Boeblingen"]
[Date "2014.12.28"]
[Round "5"]
[White "Graf, Felix"]
[Black "Bai, Jinshi"]
[Result "0-1"]
[WhiteElo "2472"]
[BlackElo "2444"]
[PlyCount "98"]
[EventDate "2014.12.26"]
[EventType "swiss"]
[EventRounds "9"]
[EventCountry "GER"]
[SourceTitle "CBM 164 Extra"]
[Source "ChessBase"]
[SourceDate "2015.03.02"]
[SourceVersion "1"]
[SourceVersionDate "2015.03.02"]
[SourceQuality "1"]

1. d4 Nf6 2. Nf3 g6 3. c4 Bg7 4. Nc3 d5 5. cxd5 Nxd5 6. e4 Nxc3 7. bxc3 c5 8. Be3 Bg4 9. Rc1 0-0 10. Be2 Qa5 11. Qd2 e6 12. d5 exd5 13. exd5 c4 14. 0-0 Nd7 15. Rfd1 Nf6 16. Bh6 Qxd5 17. Bxg7 Qxd2 18. Nxd2 Kxg7 19. Bxg4 Nxg4 20. Nxc4 Rfd8 21. Nd6 b6 22. Rd2 Nf6 23. Rcd1 Kf8 24. f3 Ne8 25. Ne4 Rxd2 26. Rxd2 Rc8 27. Kf2 f5 28. Ng5 h6 29. Ne6+ Ke7 30. Nf4 g5 31. Ne2 Nd6 32. Rd3 Rc5 33. Nd4 Nb5 34. Nxb5 Rxb5 35. Rd2 Rc5 36. Rc2 Kd6 37. Ke3 Rc8 38. c4 f4+ 39. Ke4 Re8+ 40. Kd4 Re3 41. c5+ bxc5+ 42. Rxc5 Re2 43. Ra5 Rxg2 44. h4 gxh4 45. Rxa7 Ke6 46. Ke4 Kf6 47. Rb7 h3 48. Rb1 h2 49. Rh1 Kg5 0-1

[Event "GER-ch 85th"]
[Site "Verden an der Aller"]
[Date "2014.11.25"]
[Round "5"]
[White "Bastian, Herbert"]
[Black "Graf, Felix"]
[Result "0-1"]
[WhiteElo "2317"]
[BlackElo "2476"]
[PlyCount "100"]
[EventDate "2014.11.21"]
[EventType "swiss"]
[EventRounds "9"]
[EventCountry "GER"]
[SourceTitle "CBM 163 Extra"]
[Source "ChessBase"]
[SourceDate "2014.12.23"]
[SourceVersion "1"]
[SourceVersionDate "2014.12.23"]
[SourceQuality "1"]

1. e4 e6 2. d4 d5 3. e5 c5 4. c3 Nc6 5. Nf3 Bd7 6. Be2 Nge7 7. dxc5 Ng6 8. Be3 Ncxe5 9. Nxe5 Nxe5 10. Nd2 h5 11. h3 Rc8 12. Nf3 Nxf3+ 13. Bxf3 Qf6 14. Bd4 Qg5 15. h4 Qg6 16. Qb3 Bc6 17. 0-0-0 Be7 18. Rde1 Bxh4 19. Rxh4 Qg5+ 20. Kb1 Qxh4 21. Bxg7 Rg8 22. Bd4 Qg5 23. Re5 Qg6+ 24. Kc1 Kd7 25. Rxh5 f6 26. Qd1 Rh8 27. g3 Kc7 28. Qe2 Rxh5 29. Bxh5 Qg5+ 30. Be3 Qg7 31. b4 a6 32. c4 dxc4 33. Qxc4 e5 34. a4 Bxa4 35. Bf3 Kb8 36. Qe6 Bc6 37. Qd6+ Ka8 38. Bxc6 bxc6 39. Qe6 Kb7 40. g4 Rd8 41. Kb2 Rd7 42. Qf5 Qh7 43. Qxf6 Qe4 44. Qe6 Qxb4+ 45. Ka2 Qa4+ 46. Kb2 Qb5+ 47. Kc1 Qf1+ 48. Kb2 Qe2+ 49. Kb1 Qd3+ 50. Kb2 Ka7 0-1

[Event "GER-ch 85th"]
[Site "Verden an der Aller"]
[Date "2014.11.23"]
[Round "3"]
[White "Hundack, Rolf"]
[Black "Graf, Felix"]
[Result "0-1"]
[WhiteElo "2223"]
[BlackElo "2476"]
[PlyCount "106"]
[EventDate "2014.11.21"]
[EventType "swiss"]
[EventRounds "9"]
[EventCountry "GER"]
[SourceTitle "CBM 163 Extra"]
[Source "ChessBase"]
[SourceDate "2014.12.23"]
[SourceVersion "1"]
[SourceVersionDate "2014.12.23"]
[SourceQuality "1"]

1. c4 b6 2. Nf3 Bb7 3. g3 e5 4. d3 Bb4+ 5. Bd2 Bxf3 6. exf3 Bxd2+ 7. Qxd2 Qf6 8. Bg2 Nc6 9. Nc3 Nge7 10. 0-0 0-0 11. Ne2 Ng6 12. Rfd1 Rad8 13. Rac1 Rfe8 14. b4 Nf8 15. b5 Nd4 16. Nxd4 exd4 17. Re1 Ne6 18. f4 Nc5 19. Re2 Qg6 20. Rce1 Kf8 21. Be4 f5 22. Bf3 Rxe2 23. Rxe2 Re8 24. Qb2 Rxe2 25. Bxe2 Qd6 26. Qa3 Qe6 27. Kf1 d5 28. cxd5 Qxd5 29. Kg1 Qa8 30. Qb4 Qd5 31. Qa3 Qa8 32. Qb4 Qd8 33. Qa3 Qe8 34. Bf1 Qxb5 35. Qxa7 Qd7 36. Qb8+ Kf7 37. Qh8 Kg6 38. Qa8 h6 39. Be2 Qe6 40. Bf1 Kh7 41. h3 Qg8 42. Qc6 Qc8 43. Qd5 Qd7 44. Qc4 Na4 45. Bg2 b5 46. Qb3 Nc3 47. Qa3 Qd6 48. Qa8 Qe6 49. Qd8 c5 50. a3 Qe1+ 51. Kh2 Ne2 52. h4 Qg1+ 53. Kh3 Qxf2 0-1

[Event "Deizisau op 9th"]
[Site "Deizisau"]
[Date "2014.10.27"]
[Round "6"]
[White "Graf, Felix"]
[Black "Becker, Matthias1111"]
[Result "1-0"]
[WhiteElo "2488"]
[BlackElo "2171"]
[PlyCount "95"]
[EventDate "2014.10.24"]
[EventType "swiss"]
[EventRounds "7"]
[EventCountry "GER"]
[SourceTitle "EXT 2015"]
[Source "ChessBase"]
[SourceDate "2014.11.20"]
[SourceVersion "1"]
[SourceVersionDate "2014.11.20"]
[SourceQuality "1"]

1. d4 d6 2. Nf3 g6 3. c4 Bg7 4. Nc3 e5 5. e3 Nc6 6. Be2 Nf6 7. 0-0 0-0 8. a3 a5 9. b3 exd4 10. Nxd4 Re8 11. Ndb5 Na7 12. Bb2 Nxb5 13. Nxb5 Bd7 14. Rc1 Bc6 15. Nd4 Be4 16. b4 axb4 17. axb4 Nd7 18. Qb3 Qg5 19. Nf3 Bxf3 20. Bxf3 Bxb2 21. Qxb2 c6 22. Rfd1 Ne5 23. Be2 Qf6 24. Qd2 Ra4 25. Qxd6 Qxd6 26. Rxd6 Ra2 27. Kf1 f5 28. h3 f4 29. Rcd1 fxe3 30. Rd8 Kf8 31. Rxe8+ Kxe8 32. f4 Nd7 33. g3 Rb2 34. Rd3 Rxb4 35. Rxe3+ Kf7 36. Kf2 Nc5 37. Re5 b6 38. Re3 Rb3 39. Bf3 Rxe3 40. Kxe3 Kf6 41. Bxc6 Ke6 42. g4 h6 43. h4 g5 44. fxg5 hxg5 45. h5 Ke5 46. h6 Kf6 47. Be4 Ne6 48. Bf5 1-0

[Event "Deizisau op 9th"]
[Site "Deizisau"]
[Date "2014.10.27"]
[Round "7"]
[White "Martynov, Pavel1111"]
[Black "Graf, Felix"]
[Result "1-0"]
[WhiteElo "2402"]
[BlackElo "2488"]
[PlyCount "103"]
[EventDate "2014.10.24"]
[EventType "swiss"]
[EventRounds "7"]
[EventCountry "GER"]
[SourceTitle "EXT 2015"]
[Source "ChessBase"]
[SourceDate "2014.11.20"]
[SourceVersion "1"]
[SourceVersionDate "2014.11.20"]
[SourceQuality "1"]

1. d4 e6 2. Nf3 b6 3. e4 Bb7 4. Bd3 c5 5. c3 Nf6 6. Qe2 cxd4 7. cxd4 Nc6 8. a3 Be7 9. Nc3 Na5 10. Bf4 d5 11. e5 Ne4 12. Nxe4 dxe4 13. Bxe4 Bxe4 14. Qxe4 Rc8 15. 0-0 Nc4 16. Rab1 h6 17. Rfd1 Qd5 18. Qxd5 exd5 19. Nd2 b5 20. Nxc4 bxc4 21. Bd2 h5 22. f4 f5 23. g3 Rh6 24. Kf2 Rb8 25. Bc3 Rhb6 26. Rbc1 Rxb2+ 27. Bxb2 Rxb2+ 28. Ke3 Bxa3 29. Rb1 Rxh2 30. Rb8+ Kf7 31. Ra1 Rh3 32. Kf2 Rh2+ 33. Kf3 Rb2 34. Rxb2 Bxb2 35. Rxa7+ Ke6 36. Ke3 Bc1+ 37. Ke2 Bb2 38. Ra6+ Ke7 39. Ra7+ Kf8 40. Rd7 Bxd4 41. Rxd5 Bb2 42. Rd7 h4 43. gxh4 Bc1 44. Kf3 c3 45. Rc7 Bd2 46. h5 Kg8 47. Rc4 Kf7 48. Ke2 Ke7 49. Rd4 Bc1 50. Kd3 Bd2 51. Kc2 Be1 52. Rd3 1-0

[Event "Bundesliga 1415"]
[Site "Germany"]
[Date "2014.10.19"]
[Round "2.3"]
[White "Graf, Felix"]
[Black "Heberla, Bartlomiej"]
[Result "1-0"]
[WhiteElo "2488"]
[BlackElo "2567"]
[PlyCount "109"]
[EventDate "2014.10.18"]
[EventType "team-tourn"]
[EventRounds "15"]
[EventCountry "GER"]
[SourceTitle "CBM 163"]
[Source "ChessBase"]
[SourceDate "2014.11.11"]
[SourceVersion "1"]
[SourceVersionDate "2014.11.11"]
[SourceQuality "1"]
[WhiteTeam "Trier"]
[BlackTeam "Dortmund Hansa"]
[WhiteTeamCountry "GER"]
[BlackTeamCountry "GER"]

1. d4 Nf6 2. Nc3 d5 3. Bg5 Nbd7 4. Qd3 c6 5. e4 dxe4 6. Nxe4 Nxe4 7. Qxe4 Qb6 8. b3 Nf6 9. Qd3 g6 10. Bxf6 exf6 11. Qe3+ Be7 12. Bc4 Qa5+ 13. Kf1 b5 14. Bd3 Be6 15. Ne2 0-0 16. h4 Rfe8 17. h5 g5 18. h6 Bf8 19. Qf3 Qd2 20. Ng3 f5 21. Rd1 Qf4 22. Qxc6 Qxd4 23. Qf3 Rad8 24. Nxf5 Qf6 25. Ne3 Qxf3 26. gxf3 b4 27. Ng4 Bxg4 28. fxg4 Rd6 29. Rh5 Kh8 30. Rxg5 Rxh6 31. Kg2 Bd6 32. Rd5 Bc7 33. Rd7 Bb6 34. Rxf7 Rg8 35. Bf5 Rg7 36. Rf8+ Rg8 37. Rf7 Rg7 38. Rdd7 Rxf7 39. Rxf7 Kg8 40. Rd7 Rh4 41. Rd1 Rh6 42. Rd7 Rh4 43. g5 Kf8 44. Kg3 Rh1 45. Bh3 Rg1+ 46. Bg2 Kg8 47. Kh2 Rc1 48. Bd5+ Kf8 49. Rxh7 Rxc2 50. Rf7+ Ke8 51. g6 Bxf2 52. g7 Bd4+ 53. Kg3 Bxg7 54. Rxg7 Rxa2 55. Kf4 1-0

[Event "Barcelona Sants op 16th"]
[Site "Barcelona"]
[Date "2014.08.22"]
[Round "1"]
[White "Porta Tovar, Guillem"]
[Black "Graf, Felix"]
[Result "0-1"]
[WhiteElo "2003"]
[BlackElo "2479"]
[PlyCount "62"]
[EventDate "2014.08.22"]
[EventType "swiss"]
[EventRounds "10"]
[EventCountry "ESP"]
[SourceTitle "CBM 162 Extra"]
[Source "ChessBase"]
[SourceDate "2014.10.17"]
[SourceVersion "1"]
[SourceVersionDate "2014.10.17"]
[SourceQuality "1"]

1. e4 e6 2. d4 d5 3. Nc3 Nf6 4. e5 Nfd7 5. f4 c5 6. Nf3 Nc6 7. Be3 Be7 8. Qd2 0-0 9. g3 Qa5 10. a3 Rb8 11. Bg2 b5 12. 0-0 Qc7 13. dxc5 a5 14. Qf2 Kh8 15. a4 Ba6 16. Rfe1 b4 17. Ne2 Rbe8 18. Ned4 Nxd4 19. Nxd4 Nxc5 20. f5 f6 21. Bf4 fxe5 22. Rxe5 Qc8 23. Rae1 Bf6 24. Rxe6 Bxd4 25. Qxd4 Nxe6 26. fxe6 Rxe6 27. Rd1 Qxc2 28. Bxd5 Ref6 29. b3 h6 30. h4 Rxf4 31. gxf4 Rxf4 0-1

[Event "Bundesliga 1314"]
[Site "Germany"]
[Date "2014.03.15"]
[Round "11.1"]
[White "Graf, Felix"]
[Black "Piorun, Kacper"]
[Result "1/2-1/2"]
[WhiteElo "2493"]
[BlackElo "2551"]
[PlyCount "86"]
[EventDate "2013.10.12"]
[EventType "team-tourn"]
[EventRounds "15"]
[EventCountry "GER"]
[SourceTitle "CBM 160"]
[Source "ChessBase"]
[SourceDate "2014.05.15"]
[SourceVersion "1"]
[SourceVersionDate "2014.05.15"]
[SourceQuality "1"]
[WhiteTeam "Bayern Muenchen"]
[BlackTeam "Griesheim"]
[WhiteTeamCountry "GER"]
[BlackTeamCountry "GER"]

1. Nf3 Nf6 2. b3 g6 3. Bb2 Bg7 4. g3 d6 5. Bg2 e5 6. c4 0-0 7. d3 Nc6 8. e3 Nh5 9. Nc3 f5 10. Qe2 Kh8 11. Nd2 Be6 12. 0-0-0 Nf6 13. f4 Bg8 14. Bxc6 bxc6 15. fxe5 dxe5 16. e4 Qd6 17. Rhf1 Nd7 18. Na4 Rae8 19. Nf3 Qe7 20. Kc2 Be6 21. Qg2 Kg8 22. h3 fxe4 23. dxe4 Rf7 24. Bc1 Ref8 25. Ng5 Rxf1 26. Rxf1 Rxf1 27. Qxf1 Nf8 28. Nf3 Bc8 29. Be3 a6 30. Nc5 Qf7 31. g4 h5 32. gxh5 gxh5 33. Qg2 Ng6 34. Ng5 Qf6 35. Qe2 Nf4 36. Bxf4 exf4 37. Qxh5 Qb2+ 38. Kd1 Qd4+ 39. Kc2 Qc3+ 40. Kd1 Qd4+ 41. Kc2 Qf2+ 42. Kd1 Qf1+ 43. Kc2 Qf2+ 1/2-1/2